[Event "AUTO-INT-3430"]
[Site "http://www.queenalice.com/game.php?id=1570686"]
[Date "2019.5.12"]
[Round "1"]
[White "vangogh"]
[Black "tio_revas"]
[Result "1-0"]
[WhiteElo "1534"]
[BlackElo "1537"]

1. e4 e5 2. d4 d5 3. f3 h6 4. dxe5 dxe4 5. fxe4 Qxd1+ 6. Kxd1 Bg4+ 7. Be2 h5 8.
Bf4 Nc6 9. Nc3 Rd8+ 10. Bd2 Nd4 11. Bxg4 hxg4 12. Be3 Ne6+ 13. Ke1 Bb4 14. a3
Ba5 15. Bd2 Nd4 16. Rc1 f6 17. e6 Nxe6 18. b4 Bb6 19. Nge2 1-0

[Event "AUTO-INT-3430"]
[Site "http://www.queenalice.com/game.php?id=1570687"]
[Date "2019.5.12"]
[Round "1"]
[White "tio_revas"]
[Black "carpielo"]
[Result "0-1"]
[WhiteElo "1561"]
[BlackElo "1747"]

1. e4 e5 2. f4 exf4 3. Nf3 d6 4. d4 Qf6 5. e5 dxe5 6. dxe5 Qf5 7. Bd3 Bb4+ 8.
Bd2 Bxd2+ 9. Qxd2 Qg4 10. h3 Qg3+ 11. Qf2 Qxf2+ 12. Kxf2 Nh6 13. Rd1 O-O 14. a4
Nc6 15. c3 Re8 16. Re1 f6 17. exf6 Rxe1 18. Bc4+ Be6 19. Nxe1 Bxc4 20. fxg7 Kxg7
21. Nd2 Ne5 22. Nef3 Nxf3 23. Nxf3 Re8 24. Re1 Rxe1 25. Nxe1 Kf6 26. h4 b6 27.
Kf3 Kf5 28. g4+ Nxg4 29. Ng2 Ne5+ 30. Kf2 f3 31. Ne3+ Kf4 32. Nxc4 Nxc4 33. b3
Nd2 34. c4 Nxb3 0-1

[Event "AUTO-INT-3430"]
[Site "http://www.queenalice.com/game.php?id=1570688"]
[Date "2019.5.12"]
[Round "1"]
[White "carpielo"]
[Black "tio_revas"]
[Result "1-0"]
[WhiteElo "1756"]
[BlackElo "1552"]

1. e4 e5 2. d4 d5 3. dxe5 dxe4 4. Qxd8+ Kxd8 5. Bc4 Be6 6. b3 Bb4+ 7. c3 Bc5 8.
Ne2 Nd7 9. Bg5+ Be7 10. Bf4 a6 11. O-O Nc5 12. Rd1+ Ke8 13. Bxe6 Nxe6 14. Nd2 h6
15. Nxe4 f5 16. a4 Rd8 17. Rxd8+ Bxd8 18. g3 c6 19. Nd6+ Kf8 20. Nxb7 Ne7 21.
Nxd8 Nxd8 22. Rd1 Nb7 23. b4 c5 24. bxc5 Nxc5 25. Rd8+ Kf7 26. Rxh8 Nxa4 27. Ra8
Nd5 28. Rxa6 Naxc3 29. Nxc3 Nxc3 30. e6+ Ke7 31. Bd6+ Ke8 32. e7 Nd5 33. Ra8+
Kd7 34. e8=Q+ Kxd6 35. Qb5 Nc7 36. Rd8+ 1-0

[Event "AUTO-INT-3430"]
[Site "http://www.queenalice.com/game.php?id=1570689"]
[Date "2019.5.12"]
[Round "1"]
[White "tio_revas"]
[Black "filipewao"]
[Result "1-0"]
[WhiteElo "1544"]
[BlackElo "1413"]

1. e4 e5 2. Bc4 Nc6 3. Nf3 Bc5 4. h4 Nf6 5. Nc3 O-O 6. h5 d6 7. b3 Bg4 8. h6 g6
9. Bd5 Nb4 10. Qe2 Nxc2+ 11. Kf1 Nxa1 12. Qc4 Bxf3 13. gxf3 Nc2 14. Nb5 Nd4 15.
Nxd4 1-0

[Event "AUTO-INT-3430"]
[Site "http://www.queenalice.com/game.php?id=1570690"]
[Date "2019.5.12"]
[Round "1"]
[White "filipewao"]
[Black "tio_revas"]
[Result "0-1"]
[WhiteElo "1402"]
[BlackElo "1555"]

1. e4 e5 2. Nf3 Nc6 3. Bb5 a6 4. Bxc6 bxc6 5. d3 d6 6. c4 Nf6 7. O-O a5 8. Nc3
g6 9. d4 Ba6 10. b3 c5 11. d5 a4 12. Nxa4 Nxe4 13. Be3 g5 14. g4 h5 15. Nd2 f5
0-1

[Event "AUTO-INT-3449"]
[Site "http://www.queenalice.com/game.php?id=1577819"]
[Date "2019.7.19"]
[Round "1"]
[White "attib"]
[Black "tio_revas"]
[Result "0-1"]
[WhiteElo "1596"]
[BlackElo "1543"]

1. e4 d5 2. e5 Nc6 3. d4 h5 4. h4 Bg4 5. Be2 e6 6. Nf3 f6 7. Bf4 Nge7 8. Nc3 Nf5
9. Qd3 Nb4 10. Qb5+ c6 11. Qxb7 Nxc2+ 12. Kd2 Nxa1 13. Qxc6+ Kf7 14. Qb7+ Kg8
15. exf6 gxf6 16. Ng5 fxg5 17. Bxg5 Rb8 18. Qxa7 Rh7 19. Qa4 Be7 20. Bd3 Ra8 21.
Qc6 Bxg5+ 22. hxg5 Qxg5+ 23. Ke1 Qc1+ 0-1

[Event "AUTO-INT-3449"]
[Site "http://www.queenalice.com/game.php?id=1577820"]
[Date "2019.7.19"]
[Round "1"]
[White "tio_revas"]
[Black "attib"]
[Result "1-0"]
[WhiteElo "1523"]
[BlackElo "1627"]

1. d4 d5 2. Nc3 Nf6 3. Nf3 Nc6 4. h3 Bf5 5. e3 e6 6. Bb5 a6 7. Ba4 b5 8. Bb3 Nb4
9. a3 Nc6 10. O-O h6 11. Ne5 Nxe5 12. dxe5 Nd7 13. a4 Nxe5 14. axb5 axb5 15.
Rxa8 Qxa8 16. Nxb5 Qb8 17. Nd4 Qa7 18. f4 Nc4 19. Bxc4 dxc4 20. Nc6 Qa4 21. Qd8#
1-0

[Event "AUTO-INT-3449"]
[Site "http://www.queenalice.com/game.php?id=1577833"]
[Date "2019.7.19"]
[Round "1"]
[White "Brechtien"]
[Black "tio_revas"]
[Result "0-1"]
[WhiteElo "1665"]
[BlackElo "1507"]

1. Nf3 d5 2. d4 Nc6 3. e3 h5 4. c4 Be6 5. Nc3 Nf6 6. cxd5 Nxd5 7. Nxd5 Bxd5 8.
a3 Qd6 9. Be2 O-O-O 10. O-O h4 11. h3 e5 12. dxe5 Nxe5 13. Nxe5 Qxe5 14. Bf3 Bc6
15. Qe2 a6 16. Bxc6 Bd6 17. f4 Qf6 18. Bf3 g6 0-1

[Event "AUTO-INT-3449"]
[Site "http://www.queenalice.com/game.php?id=1577834"]
[Date "2019.7.19"]
[Round "1"]
[White "tio_revas"]
[Black "Brechtien"]
[Result "1-0"]
[WhiteElo "1482"]
[BlackElo "1697"]

1. e3 d5 2. d4 Nf6 3. Nc3 h6 4. Nf3 Bg4 5. h3 Bxf3 6. Qxf3 e6 7. Bb5+ c6 8. Ba4
Be7 9. O-O O-O 10. e4 dxe4 11. Nxe4 Nxe4 12. Qxe4 Nd7 13. c3 Nf6 14. Qd3 b5 15.
Bd1 Nd5 16. Qg3 Bd6 17. Qg4 1-0

[Event "AUTO-INT-3449"]
[Site "http://www.queenalice.com/game.php?id=1577843"]
[Date "2019.7.19"]
[Round "1"]
[White "tio_revas"]
[Black "byyonico"]
[Result "0-1"]
[WhiteElo "1529"]
[BlackElo "1625"]

1. d4 d5 2. Nc3 c6 3. e4 dxe4 4. Nxe4 Bf5 5. Bd3 e6 6. Nf3 f6 7. g4 Bg6 8. b3
Bb4+ 9. c3 Ba5 10. b4 Bc7 11. Nc5 Qd5 12. Nxb7 Be4 13. g5 Bxf3 14. c4 Bxd1 0-1

[Event "AUTO-INT-3449"]
[Site "http://www.queenalice.com/game.php?id=1577844"]
[Date "2019.7.19"]
[Round "1"]
[White "byyonico"]
[Black "tio_revas"]
[Result "1-0"]
[WhiteElo "1637"]
[BlackElo "1517"]

1. c4 d5 2. cxd5 Qxd5 3. Nc3 Qd8 4. d4 Nf6 5. Bg5 h6 6. Bxf6 exf6 7. Nf3 Bf5 8.
e4 Be6 9. d5 Bg4 10. Be2 c6 11. O-O cxd5 12. Nxd5 Nc6 13. Qb3 h5 14. Qxb7 Qc8
15. Ba6 Bd6 16. Rac1 1-0

[Event "AUTO-INT-3449"]
[Site "http://www.queenalice.com/game.php?id=1587501"]
[Date "2019.10.21"]
[Round "2"]
[White "marcoswerneck"]
[Black "tio_revas"]
[Result "1-0"]
[WhiteElo "1818"]
[BlackElo "1551"]

1. e4 e5 2. a3 Nc6 3. d3 h6 4. h3 g5 5. Nc3 a6 6. Be2 Nf6 7. Be3 Bg7 8. Nf3 O-O
9. Qd2 d5 10. exd5 Nxd5 11. g4 Re8 12. Ne4 b5 13. h4 Bxg4 14. hxg5 h5 15. Nh4 a5
16. g6 f5 17. Bg5 Bf6 18. f3 1-0

[Event "AUTO-INT-3449"]
[Site "http://www.queenalice.com/game.php?id=1587502"]
[Date "2019.10.21"]
[Round "2"]
[White "tio_revas"]
[Black "marcoswerneck"]
[Result "0-1"]
[WhiteElo "1546"]
[BlackElo "1823"]

1. e4 e5 2. Nf3 d6 3. Nc3 a6 4. h3 h6 5. Bc4 Nf6 6. O-O Nc6 7. b3 Be6 8. Bb2 Be7
9. Qe2 Qd7 10. a3 Bxh3 11. Nh4 Nd4 12. Qe3 Bg4 13. Nd5 Nxd5 14. Bxd5 Bxh4 15.
Bxd4 exd4 16. Qf4 Bg5 17. Qg3 f5 18. Rfe1 Bxd2 0-1

[Event "AUTO-INT-3449"]
[Site "http://www.queenalice.com/game.php?id=1587507"]
[Date "2019.10.21"]
[Round "2"]
[White "tio_revas"]
[Black "mvson33"]
[Result "1-0"]
[WhiteElo "1566"]
[BlackElo "1747"]

1. e4 e5 2. Nf3 Nc6 3. d4 d6 4. Nc3 exd4 5. Nxd4 Nxd4 6. Qxd4 Ne7 7. Bc4 Nc6 8.
Qd5 Be6 9. Qb5 Rb8 10. h4 Bd7 11. Be3 Be7 12. g3 Nd4 13. Qh5 Ne6 14. O-O-O h6
15. Bxa7 Ra8 16. Nb5 Bxb5 17. Qxb5+ c6 18. Qxb7 O-O 19. Bd4 Nxd4 20. Rxd4 Bf6
21. Rd2 Qa5 22. a3 Bxb2+ 23. Qxb2 Rfb8 24. Qa2 1-0

[Event "AUTO-INT-3449"]
[Site "http://www.queenalice.com/game.php?id=1587508"]
[Date "2019.10.21"]
[Round "2"]
[White "mvson33"]
[Black "tio_revas"]
[Result "0-1"]
[WhiteElo "1772"]
[BlackElo "1541"]

1. e4 e5 2. Nf3 Nc6 3. Bb5 a6 4. Ba4 Nf6 5. O-O d6 6. d3 Bd7 7. Bg5 b5 8. Bb3 h6
9. Bh4 g5 10. Bg3 Bg7 11. Nbd2 g4 12. Ne1 Be6 13. Bxe6 fxe6 14. f3 h5 15. Bf2
Nd4 16. fxg4 Nxg4 17. Nef3 Qf6 18. c3 Nxf3+ 19. Nxf3 Qf4 20. Bg3 Qe3+ 21. Kh1 h4
22. Bf2 Nxf2+ 23. Rxf2 Qxf2 0-1

[Event "AUTO-INT-3449"]
[Site "http://www.queenalice.com/game.php?id=1587509"]
[Date "2019.10.21"]
[Round "2"]
[White "tio_revas"]
[Black "Nuzzera"]
[Result "0-1"]
[WhiteElo "1565"]
[BlackElo "1603"]

1. e4 e6 2. Nf3 Qf6 3. d4 Nc6 4. b3 d5 5. Qd2 dxe4 6. Ng5 Nxd4 7. Nxe4 Qe5 8.
Nc3 Bb4 9. Bd3 Nf6 10. O-O Nxe4 11. Bxe4 Bxc3 12. Qxc3 Ne2+ 13. Kh1 Qxc3 14. Ba3
Nf4 15. g3 Qd4 16. gxf4 Qxe4+ 0-1

[Event "AUTO-INT-3449"]
[Site "http://www.queenalice.com/game.php?id=1587510"]
[Date "2019.10.21"]
[Round "2"]
[White "Nuzzera"]
[Black "tio_revas"]
[Result "1-0"]
[WhiteElo "1634"]
[BlackElo "1527"]

1. d3 e5 2. e4 Nc6 3. Qf3 Nf6 4. Bg5 h6 5. Bxf6 gxf6 6. Nd2 d6 7. O-O-O Bg7 8.
c3 b6 9. Qg3 Rg8 10. h4 Be6 11. h5 Bxa2 12. b3 b5 13. Kb2 b4 14. Kxa2 bxc3 15.
Nc4 c2 16. Rc1 Nd4 17. Ne2 Qb8 18. Nxd4 exd4 19. Rxc2 d5 20. exd5 f5 21. Qf4 Qc8
22. g3 Qa6+ 23. Na3 Rc8 24. Qxf5 Bf8 25. Qe4+ Kd8 26. Qh4+ f6 27. Qxd4 Qxa3+ 28.
Kb1 Qxb3+ 29. Kc1 Ba3+ 30. Kd2 Bb4+ 31. Kd1 Qb1+ 32. Rc1 Qb3+ 33. Ke2 Re8+ 34.
Kf3 1-0

[Event "Challenge"]
[Site "http://www.queenalice.com/game.php?id=1592100"]
[Date "2019.12.5"]
[Round "-"]
[White "Paulojunior76"]
[Black "tio_revas"]
[Result "1-0"]
[WhiteElo "1005"]
[BlackElo "1478"]

1. e4 d5 2. e5 g6 3. Nf3 c5 4. d4 Bg7 5. g3 Nc6 6. c3 Nh6 7. Bg2 Bg4 8. Bf4 Nf5
9. O-O O-O 10. Qc1 cxd4 11. cxd4 Ncxd4 12. Nbd2 1-0